000 00538cam a22001934a 4500
005 20250605164402.0
008 250528s ||||||||||||||||||||||||d
035 _a24640
040 _aGR-AtMCL
_bgre
_dGR-AtMCL
_eAACR2
245 1 _aSaudi Arabia / Beyond Oil, Special Report
260 _c2019
300 _a88
520 _aGlobal Salvage, The Old Gray Mare, The Age of Gas, Future Tech.
700 1 _aMunoz Tony
_99497
942 _cCR
710 2 _aThe Maritime Executive
_99838
999 _c9507
_d9507